Rural youth in crisis: facts, myths, and social change. (Record no. 34577)
[ view plain ]
| 000 -LEADER | |
|---|---|
| fixed length control field | 01420nam a22002891 4500 |
| 001 - CONTROL NUMBER | |
| control field | hew66000007 |
| 003 - CONTROL NUMBER IDENTIFIER | |
| control field | DLC |
| 005 - DATE AND TIME OF LATEST TRANSACTION | |
| control field | 20260227111514.0 |
| 008 - FIXED-LENGTH DATA ELEMENTS--GENERAL INFORMATION | |
| fixed length control field | 800124s1965 dcu b 10000 eng c |
| 010 ## - LIBRARY OF CONGRESS CONTROL NUMBER | |
| LC control number | hew66000007 |
| 040 ## - CATALOGING SOURCE | |
| Original cataloging agency | U.S. Dept. of Health, Education, and Welfare. Library |
| 043 ## - GEOGRAPHIC AREA CODE | |
| Geographic area code | n-us--- |
| 050 0# - LIBRARY OF CONGRESS CALL NUMBER | |
| Classification number | HQ796 |
| Item number | .B79 |
| 082 ## - DEWEY DECIMAL CLASSIFICATION NUMBER | |
| Classification number | 301.35 |
| 100 10 - MAIN ENTRY--PERSONAL NAME | |
| Personal name | Burchinal, Lee G. |
| Relator term | ed. |
| 245 10 - TITLE STATEMENT | |
| Title | Rural youth in crisis: facts, myths, and social change. |
| 260 0# - PUBLICATION, DISTRIBUTION, ETC. | |
| Place of publication, distribution, etc. | Washington, |
| Name of publisher, distributor, etc. | U.S. Dept. of Health, Education, and Welfare, Welfare Administration, Office of Juvenile Delinquency and Youth Development; [for sale by the Superintendent of Documents. U.S. Govt. Print. Off., |
| Date of publication, distribution, etc. | 1965] |
| 300 ## - PHYSICAL DESCRIPTION | |
| Extent | x, 401 p. |
| Dimensions | 23 cm. |
| 500 ## - GENERAL NOTE | |
| General note | "JD-3001-1965." |
| 500 ## - GENERAL NOTE | |
| General note | "Prepared for the National Committee for Children and Youth." |
| 500 ## - GENERAL NOTE | |
| General note | "Condensed version of a collection of papers originally prepared as background information for the 'Conference on Problems of Rural Youth in a Changing Environment' ... held at Stillwater, Okla., September 22-25, 1963." |
| 504 ## - BIBLIOGRAPHY, ETC. NOTE | |
| Bibliography, etc. note | Includes bibliographies. |
| 650 #0 - SUBJECT ADDED ENTRY--TOPICAL TERM | |
| Topical term or geographic name entry element | Rural youth |
| Geographic subdivision | United States. |
| 710 20 - ADDED ENTRY--CORPORATE NAME | |
| Corporate name or jurisdiction name as entry element | National Committee for Children and Youth. |
| 710 10 - ADDED ENTRY--CORPORATE NAME | |
| Corporate name or jurisdiction name as entry element | United States. |
| Subordinate unit | Office of Juvenile Delinquency and Youth Development. |
| 711 20 - ADDED ENTRY--MEETING NAME | |
| Meeting name or jurisdiction name as entry element | National Conference on Problems of Rural Youth in a Changing Environment, |
| Location of meeting | Stillwater, Okla., |
| Date of meeting or treaty signing | 1963. |
No items available.